|
|
|
|
| LEADER |
00000nam0a2200000 4500 |
| 001 |
116944 |
| 005 |
20231031123456.0 |
| 010 |
|
|
|a 5280012122
|
| 020 |
|
|
|a RU
|b 90-43736
|
| 035 |
|
|
|a (RuTPU)RU\TPU\book\126549
|
| 090 |
|
|
|a 116944
|
| 100 |
|
|
|a 20070529d1990 m y0rusy5003 ca
|
| 101 |
1 |
|
|a rus
|c eng
|
| 102 |
|
|
|a RU
|
| 105 |
|
|
|a y z 000ay
|
| 200 |
1 |
|
|a Алая буква
|e Роман
|e пер. с англ.
|f Н. Готорн
|g авт. предисл. А. Николюкин
|
| 210 |
|
|
|a Москва
|c Худож. лит.
|d 1990
|
| 215 |
|
|
|a 677,[2] с.
|d 21 см
|
| 225 |
1 |
|
|a Библиотека литературы США
|
| 423 |
|
|
|t Хижина дяди Тома
|o Роман
|f Г. Бичер-Стоу
|a Бичер-Стоу, Гарриет
|
| 610 |
1 |
|
|a американская литература
|
| 610 |
1 |
|
|a романы
|
| 675 |
|
|
|a 82
|z rus
|v 3
|
| 700 |
|
1 |
|a Готорн
|b Н.
|c Nathaniel Hawthorne
|c северо-американский писатель
|f 1804-1864
|g Натаниель
|2 stltpush
|3 (RuTPU)RU\TPU\pers\19379
|
| 702 |
|
1 |
|a Николюкин
|b А.
|4 080
|
| 801 |
|
0 |
|a RU
|b RuMRKP
|c 19950417
|g psbo
|
| 801 |
|
1 |
|a RU
|b 63413507
|c 20070529
|g PSBO
|
| 801 |
|
2 |
|a RU
|b 63413507
|c 20070823
|g PSBO
|
| 942 |
|
|
|c BK
|